Alternativas para la educación en México.

Uloženo v:
Podrobná bibliografie
Hlavní autor: Guzmán Anell, José Teódulo (autor)
Médium: Kniha
Jazyk:španělština
Vydání:2a ed.
Edice:(Educación y sociología ; no. 4)
Témata:
Tagy: Přidat tag
Žádné tagy, Buďte první, kdo vytvoří štítek k tomuto záznamu!

MARC

LEADER 00000cam^a2200000uu^4500
001 000462127
005 20250521000000.0
008 050901s1979^^^^^^^^^^^^rd^r^^000^0^spa^d
009 20260310124241.716
035 |a FCE 000004635 
035 |a FCE 018138 
037 |a Acervo ITESO - Biblioteca 
041 |a spa 
082 0 4 |a 371.42  |b GUZ 
100 |a Guzmán Anell, José Teódulo  |e (autor) 
245 1 0 |a Alternativas para la educación en México. 
250 |a 2a ed. 
264 |a México :  |b Ediciones Gernika,  |c 1979. 
300 |a 310 p. 
336 |a texto  |b txt  |2 rdacontenido 
337 |a sin mediación  |b n  |2 rdamedio 
338 |a volumen  |b nc  |2 rdasoporte 
440 0 |a (Educación y sociología ;  |v no. 4) 
649 |a XX 
650 |a Financiamiento educativo 
650 |a Sistema educativo 
650 |a Método de enseñanza 
650 |a Tecnología educativa 
650 |a Desarrollo de la educación 
650 |a Estrategias de la educación 
650 |a Innovación educativa 
650 |a Desarrollo social 
650 |a Reforma de la educación 
650 |a Desigualdad educativa 
650 |a Niveles de educación 
650 |a América Latina 
910 |a Fondo Centro de Estudios Educativos 
920 |a Impresos - Libros 
930 |a Fondos Especiales 
905 |a 133 
901 |a ALE018138  |b IT2  |c CEE  |u 20250521 
901 |a ALE043043  |b IT2  |c CEE  |u 20250521 
901 |a ALE043044  |b IT2  |c CEE  |u 20250521 
902 |a https://opac.biblio.iteso.mx/vufind/Record/000462127